| 000 | 00735cam a22002531 4500 | ||
|---|---|---|---|
| 001 | gs 18000301 | ||
| 003 | DLC | ||
| 005 | 20260227111322.0 | ||
| 008 | 821014s1918 iaua b 000 0 eng c | ||
| 010 | _ags 18000301 | ||
| 035 | _a(OCoLC)8860709 | ||
| 040 |
_aU.S.Geol.Survey. Libr. _cICIU _dICIU _dDLC |
||
| 042 | _apremarc | ||
| 043 | _an-us-ia | ||
| 050 | 0 | 0 |
_aQL737.R6 _bS7 |
| 100 | 1 |
_aStoner, Dayton, _d1883-1944. |
|
| 245 | 0 | 4 |
_aThe rodents of Iowa, _cby Dayton Stoner. |
| 260 |
_aDes Moines, _bIowa Geological Survey, _c1918. |
||
| 300 |
_a172 p. _billus. _c24 cm. |
||
| 490 | 0 |
_aIowa. Geological Survey. Bulletin _vno. 5 |
|
| 504 | _a"List of references": p. 154-156. | ||
| 650 | 0 | _aRodents. | |
| 650 | 0 |
_aMammals _zIowa. |
|
| 999 |
_c25861 _d25861 |
||